[Event "St Jean op"]
[Site "St Jean sur Richelieu CAN"]
[Date "2012.06.10"]
[Round "5"]
[White "Kovalyov, Anton"]
[Black "Laflamme, Simon"]
[Result "1-0"]
[WhiteElo "2595"]
[BlackElo "1993"]
[PlyCount "65"]
[GameId "2160767909509179"]
[EventDate "2012.06.08"]
[EventType "swiss"]
[EventRounds "5"]
[EventCountry "CAN"]
[SourceTitle "EXT 2022"]
[Source "ChessBase"]
[SourceDate "2021.10.06"]
[SourceVersion "1"]
[SourceVersionDate "2021.10.06"]
[SourceQuality "1"]

1. c4 c5 2. Nf3 Nc6 3. Nc3 e5 4. g3 g6 5. Bg2 Bg7 6. a3 Nge7 7. b4 d5 8. bxc5 O-O 9. Rb1 Rb8 10. cxd5 Nxd5 11. Ne4 Bf5 12. Qc2 Qd7 13. d3 h6 14. e3 Rfd8 15. Nd6 Be6 16. Bb2 b6 17. O-O bxc5 18. Ne4 Qe7 19. Nxc5 Bc8 20. Rfc1 Rd6 21. Ne4 Re6 22. Bh3 f5 23. Nc5 Rd6 24. Bg2 Kh8 25. Nh4 Kh7 26. e4 Nf6 27. exf5 gxf5 28. Bh3 Ng4 29. Bxg4 fxg4 30. Ne4 Nd4 31. Bxd4 Rxb1 32. Rxb1 Rxd4 33. Qxc8 1-0

[Event "St Jean op"]
[Site "St Jean sur Richelieu CAN"]
[Date "2012.06.10"]
[Round "5"]
[White "Sambuev, Bator"]
[Black "Lessard, Claude"]
[Result "1-0"]
[WhiteElo "2550"]
[BlackElo "1998"]
[PlyCount "49"]
[GameId "2160767909509180"]
[EventDate "2012.06.08"]
[EventType "swiss"]
[EventRounds "5"]
[EventCountry "CAN"]
[SourceTitle "EXT 2022"]
[Source "ChessBase"]
[SourceDate "2021.10.06"]
[SourceVersion "1"]
[SourceVersionDate "2021.10.06"]
[SourceQuality "1"]

1. d4 Nf6 2. Nf3 g6 3. Bg5 Ne4 4. Bh4 Bg7 5. Nbd2 Nxd2 6. Qxd2 c5 7. e3 cxd4 8. exd4 Qb6 9. c3 O-O 10. Bc4 d6 11. O-O Qc7 12. Bb3 e5 13. Rfe1 Bg4 14. dxe5 dxe5 15. Ng5 Nc6 16. Ne4 Kh8 17. Bf6 Kg8 18. Qg5 Bf5 19. Bxg7 Kxg7 20. Ng3 Be6 21. Nh5+ Kg8 22. Re3 Qd8 23. Qh6 gxh5 24. Bxe6 Kh8 25. Bf5 1-0

[Event "Superfest"]
[Site "Sainte-Adele CAN"]
[Date "2012.08.15"]
[Round "1"]
[White "Caire, Francois"]
[Black "Sprumont, Oscar"]
[Result "1-0"]
[WhiteElo "2270"]
[BlackElo "1884"]
[PlyCount "79"]
[GameId "2160767909445532"]
[EventDate "2012.08.15"]
[EventType "swiss"]
[EventRounds "5"]
[EventCountry "CAN"]
[SourceTitle "hb 2012"]

1. d4 Nf6 2. c4 g6 3. Nc3 d5 4. e3 Bg7 5. Qb3 dxc4 6. Bxc4 O-O 7. Nf3 Nc6 8. Ne5 Nxe5 9. dxe5 Ne8 10. f4 e6 11. O-O c6 12. Ne4 b5 13. Be2 Qb6 14. Bd2 f5 15. exf6 Nxf6 16. Nd6 Nd5 17. Kh1 Bd7 18. e4 Nc7 19. e5 Nd5 20. h4 Bh6 21. g3 Qd8 22. Rac1 Bxf4 23. gxf4 Qxh4+ 24. Kg2 Nxf4+ 25. Bxf4 Rxf4 26. Qg3 Qxg3+ 27. Kxg3 Rd4 28. Bf3 Rf8 29. Rcd1 Rb4 30. b3 a5 31. Ne4 Bc8 32. Nf6+ Kg7 33. Bxc6 a4 34. Rf3 axb3 35. axb3 g5 36. Nh5+ Kg8 37. Rxf8+ Kxf8 38. Rd8+ Kf7 39. Rxc8 Rxb3+ 40. Kg4 1-0

[Event "Superfest"]
[Site "Sainte-Adele CAN"]
[Date "2012.08.15"]
[Round "1"]
[White "Chiku-Ratte, Olivier-Kenta"]
[Black "Sambuev, Bator"]
[Result "0-1"]
[WhiteElo "2174"]
[BlackElo "2530"]
[PlyCount "88"]
[GameId "2160767909445533"]
[EventDate "2012.08.15"]
[EventType "swiss"]
[EventRounds "5"]
[EventCountry "CAN"]
[SourceTitle "hb 2012"]

1. d4 Nf6 2. c4 e6 3. Nc3 Bb4 4. e3 c5 5. Bd3 O-O 6. Nf3 d5 7. O-O Nc6 8. a3 Bxc3 9. bxc3 dxc4 10. Bxc4 Qc7 11. h3 Rd8 12. Qc2 b6 13. Bd3 Bb7 14. e4 c4 15. Be2 Na5 16. e5 Be4 17. Qb2 Nd5 18. Ng5 Bd3 19. Re1 h6 20. Nf3 Bh7 21. Bd1 b5 22. Bc2 Bxc2 23. Qxc2 Nb3 24. Rb1 Qa5 25. Bb2 Qa4 26. Nd2 Nc5 27. Qxa4 Nxa4 28. Ne4 a6 29. g3 f5 30. exf6 gxf6 31. Rec1 h5 32. h4 Ra7 33. Kg2 Rg7 34. Kf3 Rg4 35. Ba1 Rf8 36. Rc2 e5 37. Rd1 f5 38. Ng5 exd4 39. Rxd4 Rxd4 40. cxd4 Re8 41. Nh3 Re1 42. Bb2 c3 43. Bc1 b4 44. axb4 Nxb4 0-1

[Event "Superfest"]
[Site "Sainte-Adele CAN"]
[Date "2012.08.15"]
[Round "1"]
[White "Forget, Luc"]
[Black "Kraiouchkine, Nikita"]
[Result "0-1"]
[WhiteElo "1983"]
[BlackElo "2287"]
[PlyCount "46"]
[GameId "2160767909445534"]
[EventDate "2012.08.15"]
[EventType "swiss"]
[EventRounds "5"]
[EventCountry "CAN"]
[SourceTitle "hb 2012"]

1. d4 d5 2. c4 c6 3. Nf3 Nf6 4. Nc3 dxc4 5. a4 Bf5 6. Ne5 e6 7. f3 Bb4 8. e4 Nxe4 9. fxe4 Qh4+ 10. Ke2 Bxe4 11. g3 Qh5+ 12. g4 Bd3+ 13. Kf3 Qh4 14. Nxd3 cxd3 15. Bf4 h5 16. g5 c5 17. h3 Nc6 18. Ne4 Nxd4+ 19. Ke3 Rd8 20. Rc1 d2 21. Rc4 Qe1+ 22. Be2 Nxe2 23. Rxb4 Ng1+ 0-1

[Event "Superfest"]
[Site "Sainte-Adele CAN"]
[Date "2012.08.15"]
[Round "1"]
[White "Hamilton, Robert"]
[Black "Zhu, Hong Rui"]
[Result "0-1"]
[WhiteElo "2407"]
[BlackElo "1998"]
[PlyCount "158"]
[GameId "2160767909445535"]
[EventDate "2012.08.15"]
[EventType "swiss"]
[EventRounds "5"]
[EventCountry "CAN"]
[SourceTitle "hb 2012"]

1. d4 d5 2. c4 e6 3. Nc3 Nf6 4. Bg5 Be7 5. Bxf6 Bxf6 6. cxd5 exd5 7. Nf3 O-O 8. e3 c6 9. Be2 Nd7 10. O-O Be7 11. Rb1 a5 12. a3 Nf6 13. b4 axb4 14. axb4 Bd6 15. b5 Bf5 16. Qb3 Bxb1 17. Rxb1 Qc7 18. Rc1 Qe7 19. g3 Ra3 20. Qb2 Rfa8 21. Bf1 h6 22. Ne2 Ra2 23. Qb1 Qe8 24. Nc3 R2a5 25. Qb3 Ra3 26. Qb2 Ne4 27. Nxe4 Qxe4 28. Nd2 Qe8 29. bxc6 bxc6 30. Qc2 Bb4 31. Nf3 Rc3 32. Qd1 Rxc1 33. Qxc1 Rc8 34. Ne5 c5 35. Bh3 Rc7 36. Nd3 Qb5 37. Nf4 c4 38. Bg2 Rd7 39. Qa1 Qa5 40. Qb1 Bf8 41. Qf5 Qe1+ 42. Bf1 Ra7 43. Qxd5 c3 44. Qc4 Ra1 45. Kg2 c2 46. Qxc2 Qxf1+ 47. Kf3 Qd1+ 48. Qxd1 Rxd1 49. Ke2 Ra1 50. e4 Ba3 51. e5 Bb4 52. Nd3 Bc3 53. Ke3 Ra4 54. d5 Rd4 55. d6 f6 56. f4 fxe5 57. fxe5 Rxd3+ 58. Kxd3 Bxe5 59. d7 Bf6 60. Ke4 Kf7 61. Kf5 g6+ 62. Kg4 Ke7 63. h4 h5+ 64. Kf4 Kxd7 65. g4 hxg4 66. Kxg4 Ke6 67. h5 g5 68. h6 Kf7 69. Kf5 Bd8 70. Kg4 Kg6 71. h7 Kxh7 72. Kh5 Kg7 73. Kg4 Kf6 74. Kg3 Kf5 75. Kf3 g4+ 76. Kg2 Kf4 77. Kg1 g3 78. Kg2 Kg4 79. Kg1 Kh3 0-1

[Event "Superfest"]
[Site "Sainte-Adele CAN"]
[Date "2012.08.15"]
[Round "1"]
[White "Lemieux, Serge"]
[Black "Carrier, Claude"]
[Result "0-1"]
[WhiteElo "1597"]
[BlackElo "2179"]
[PlyCount "58"]
[GameId "2160767909445536"]
[EventDate "2012.08.15"]
[EventType "swiss"]
[EventRounds "5"]
[EventCountry "CAN"]
[SourceTitle "hb 2012"]

1. d4 Nf6 2. Bg5 d5 3. f3 g6 4. e3 Bg7 5. Bd3 c5 6. c3 O-O 7. Ne2 b6 8. O-O Bb7 9. Nd2 Nc6 10. Rc1 Re8 11. dxc5 bxc5 12. Bb5 Qb6 13. Bxc6 Bxc6 14. Qb3 e5 15. Bh4 Bh6 16. Bf2 d4 17. cxd4 exd4 18. Qxb6 axb6 19. Nxd4 cxd4 20. Rxc6 dxe3 21. Rxf6 exf2+ 22. Rxf2 Re1+ 23. Nf1 Be3 24. g3 Bd4 25. Rd6 Bc5 26. Rdd2 Rxa2 27. Kg2 Bxf2 28. Kxf2 Rb1 29. b3 Rxf1+ 0-1

[Event "Superfest"]
[Site "Sainte-Adele CAN"]
[Date "2012.08.15"]
[Round "1"]
[White "Plante, Michel"]
[Black "Hebert, Jean"]
[Result "1/2-1/2"]
[WhiteElo "2016"]
[BlackElo "2440"]
[PlyCount "65"]
[GameId "2160767909445537"]
[EventDate "2012.08.15"]
[EventType "swiss"]
[EventRounds "5"]
[EventCountry "CAN"]
[SourceTitle "hb 2012"]

1. b3 c5 2. Bb2 Nc6 3. e3 e5 4. Bb5 d6 5. Bxc6+ bxc6 6. Ne2 Nf6 7. O-O Be7 8. f4 e4 9. Ng3 O-O 10. d3 Ba6 11. Re1 exd3 12. cxd3 Nd5 13. Nh5 g6 14. e4 gxh5 15. exd5 Bf6 16. Nc3 cxd5 17. Qxh5 Bxc3 18. Bxc3 d4 19. Re3 f6 20. Rh3 Qd7 21. Bd2 Rae8 22. f5 Qf7 23. Qh4 Kh8 24. Bf4 Rg8 25. Re1 Rxe1+ 26. Qxe1 Bb7 27. Rg3 Re8 28. Qd1 Qe7 29. Kf2 Qd7 30. Qg4 Qe7 31. Qd1 Qd7 32. Qg4 Qe7 33. Qd1 1/2-1/2

[Event "Superfest"]
[Site "Sainte-Adele CAN"]
[Date "2012.08.15"]
[Round "1"]
[White "Sapozhnikov, Roman"]
[Black "Wang, Jesse BJ"]
[Result "0-1"]
[WhiteElo "2478"]
[BlackElo "2096"]
[PlyCount "78"]
[GameId "2160767909445538"]
[EventDate "2012.08.15"]
[EventType "swiss"]
[EventRounds "5"]
[EventCountry "CAN"]
[SourceTitle "hb 2012"]

1. e4 c5 2. Nf3 d6 3. d4 cxd4 4. Qxd4 Nc6 5. Bb5 Bd7 6. Qd3 Nf6 7. O-O a6 8. Bc4 b5 9. Bb3 e6 10. Nc3 Qc7 11. Bg5 h6 12. Bxf6 gxf6 13. Nd4 Ne5 14. Qh3 Nc4 15. Qf3 Nxb2 16. Qxf6 Rh7 17. Nf5 Qd8 18. Qd4 Rc8 19. Rae1 Nc4 20. Nd5 exd5 21. exd5+ Ne5 22. f4 Bxf5 23. fxe5 Bg7 24. Rxf5 Bxe5 25. Qg4 Kf8 26. Ref1 Rc7 27. Qg6 f6 28. Rxe5 dxe5 29. d6 Rcf7 30. Bxf7 Rxf7 31. Qxh6+ Ke8 32. Rd1 Kd7 33. Qh5 Ke6 34. g4 Rd7 35. Qf5+ Kf7 36. Qh7+ Ke6 37. Qf5+ Kf7 38. Qd3 Qb6+ 39. Kg2 Kg7 0-1

[Event "Superfest"]
[Site "Sainte-Adele CAN"]
[Date "2012.08.16"]
[Round "2"]
[White "Forget, Luc"]
[Black "Hamilton, Robert"]
[Result "1-0"]
[WhiteElo "1983"]
[BlackElo "2407"]
[PlyCount "83"]
[GameId "2160767909445539"]
[EventDate "2012.08.15"]
[EventType "swiss"]
[EventRounds "5"]
[EventCountry "CAN"]
[SourceTitle "hb 2012"]

1. d4 Nf6 2. c4 c5 3. d5 e6 4. Nc3 d6 5. Nf3 g6 6. e4 Bg7 7. Be2 O-O 8. O-O Re8 9. h3 exd5 10. exd5 Bf5 11. Bd3 Bxd3 12. Qxd3 Nbd7 13. Bf4 Ne5 14. Nxe5 dxe5 15. Bg5 Qb6 16. Rfe1 Nd7 17. a4 f5 18. Nb5 e4 19. Qc2 Nf6 20. a5 Qd8 21. a6 b6 22. Qd2 Qd7 23. Rad1 Rf8 24. Bh6 Rad8 25. Bxg7 Kxg7 26. Qf4 Nh5 27. Qe5+ Kg8 28. b3 Rfe8 29. Qc7 Ng7 30. Qxa7 Qc8 31. Qxb6 Qa8 32. Nc7 Qb8 33. Qxb8 Rxb8 34. a7 Ra8 35. Nxe8 Nxe8 36. d6 Rd8 37. d7 Nc7 38. Rd6 Kf7 39. Red1 Ke7 40. Kf1 Ne6 41. Rc6 Ra8 42. Rxe6+ 1-0

[Event "Superfest"]
[Site "Sainte-Adele CAN"]
[Date "2012.08.16"]
[Round "2"]
[White "Kraiouchkine, Nikita"]
[Black "Wang, Jesse BJ"]
[Result "1/2-1/2"]
[WhiteElo "2287"]
[BlackElo "2096"]
[PlyCount "84"]
[GameId "2160767909445540"]
[EventDate "2012.08.15"]
[EventType "swiss"]
[EventRounds "5"]
[EventCountry "CAN"]
[SourceTitle "hb 2012"]

1. e4 c5 2. Nf3 d6 3. d4 cxd4 4. Nxd4 Nf6 5. Nc3 a6 6. Be3 e6 7. f3 b5 8. Qd2 Bb7 9. g4 Nfd7 10. a4 bxa4 11. Bc4 Ne5 12. Be2 Nbd7 13. Nxa4 d5 14. exd5 Bxd5 15. O-O Qc7 16. b3 Ng6 17. c4 Bb7 18. f4 Nc5 19. Bf3 Rd8 20. Bxb7 Qxb7 21. Qg2 Qxg2+ 22. Kxg2 Nxb3 23. Nxb3 Rd3 24. Nbc5 Rxe3 25. Nxa6 Bd6 26. c5 Bxf4 27. c6 Re2+ 28. Rf2 Rxf2+ 29. Kxf2 Bxh2 30. c7 O-O 31. Nb6 Bxc7 32. Nxc7 Ne5 33. Kg3 h6 34. Re1 Rb8 35. Rxe5 Rxb6 36. Nb5 g6 37. Nd4 Kg7 38. Re1 Rd6 39. Nf3 f5 40. g5 hxg5 41. Nxg5 Kf6 42. Nh7+ Kg7 1/2-1/2

[Event "Superfest"]
[Site "Sainte-Adele CAN"]
[Date "2012.08.16"]
[Round "2"]
[White "Sambuev, Bator"]
[Black "Caire, Francois"]
[Result "1-0"]
[WhiteElo "2530"]
[BlackElo "2270"]
[PlyCount "93"]
[GameId "2160767909445541"]
[EventDate "2012.08.15"]
[EventType "swiss"]
[EventRounds "5"]
[EventCountry "CAN"]
[SourceTitle "hb 2012"]

1. d4 Nf6 2. Nf3 e6 3. e3 d5 4. Bd3 c5 5. b3 Nc6 6. O-O Bd6 7. Bb2 O-O 8. a3 b6 9. Nbd2 Bb7 10. Ne5 Ne7 11. Qe2 Ne4 12. Rfd1 Nxd2 13. Rxd2 cxd4 14. exd4 Ng6 15. Qh5 Bxe5 16. dxe5 a5 17. Rad1 Qe7 18. g3 Rfd8 19. Bf1 Nf8 20. a4 Nd7 21. Rd4 g6 22. Qh6 Nxe5 23. Bg2 f6 24. c4 Nf7 25. Qe3 Nd6 26. Bxd5 Bxd5 27. Rxd5 Nf5 28. Rxd8+ Rxd8 29. Rxd8+ Qxd8 30. Qxe6+ Kg7 31. Qe2 Qd6 32. Qf3 Qe6 33. Bc3 h5 34. h3 Ne7 35. Qe3 Qd6 36. g4 hxg4 37. hxg4 Qd1+ 38. Kh2 Qd6+ 39. Kg2 g5 40. Qxg5+ Kf7 41. Qh5+ Ke6 42. Qh6 Kf7 43. Qh7+ Kf8 44. Qe4 Kf7 45. Bd4 Ng6 46. Qb7+ Kg8 47. Qd5+ 1-0

[Event "Superfest"]
[Site "Sainte-Adele CAN"]
[Date "2012.08.16"]
[Round "2"]
[White "Sapozhnikov, Roman"]
[Black "Plante, Michel"]
[Result "1-0"]
[WhiteElo "2478"]
[BlackElo "2016"]
[PlyCount "39"]
[GameId "2160767909445542"]
[EventDate "2012.08.15"]
[EventType "swiss"]
[EventRounds "5"]
[EventCountry "CAN"]
[SourceTitle "hb 2012"]

1. e4 d6 2. d4 Nf6 3. Nc3 Nbd7 4. f4 e5 5. Nf3 exd4 6. Qxd4 d5 7. Nxd5 Ng4 8. h3 c6 9. hxg4 cxd5 10. Qxd5 Qc7 11. Ng5 Bb4+ 12. c3 Bxc3+ 13. bxc3 Qxc3+ 14. Kf2 O-O 15. Qd2 Qxa1 16. Bb2 Qxa2 17. Rxh7 Nf6 18. Rxg7+ Kh8 19. Rh7+ Kg8 20. Rh8+ 1-0

[Event "Superfest"]
[Site "Sainte-Adele CAN"]
[Date "2012.08.16"]
[Round "2"]
[White "Sprumont, Oscar"]
[Black "Chiku-Ratte, Olivier-Kenta"]
[Result "0-1"]
[WhiteElo "1884"]
[BlackElo "2174"]
[PlyCount "96"]
[GameId "2160767909445543"]
[EventDate "2012.08.15"]
[EventType "swiss"]
[EventRounds "5"]
[EventCountry "CAN"]
[SourceTitle "hb 2012"]

1. e4 c5 2. c3 Nf6 3. e5 Nd5 4. d4 cxd4 5. Nf3 Nc6 6. cxd4 d6 7. Bc4 Nb6 8. Bb5 a6 9. Bxc6+ bxc6 10. Bf4 Be6 11. O-O g6 12. Re1 Nd5 13. Bg3 Bh6 14. Bh4 O-O 15. Ng5 Qd7 16. Qe2 Bg4 17. Qc4 Qf5 18. Ne4 Nf4 19. Ng3 Qd3 20. Qxd3 Nxd3 21. Re4 Bf5 22. Nxf5 gxf5 23. Re2 dxe5 24. dxe5 Bc1 25. Bxe7 Rfe8 26. Ba3 Nf4 27. Re1 Rad8 28. h3 Nd3 29. Re2 Rxe5 30. Rxe5 Nxe5 31. Nc3 Nd3 32. Ne2 Bxb2 33. Bxb2 Nxb2 34. Rc1 Rd2 35. Ng3 f4 36. Nf5 Nd3 37. Rxc6 Rd1+ 38. Kh2 h5 39. Rxa6 Nxf2 40. g3 f3 41. g4 hxg4 42. Ne3 Re1 43. Ra3 gxh3 44. Kg3 h2 45. Ra8+ Kh7 46. Kxh2 Rxe3 47. Kg1 Ng4 48. Ra4 f2+ 0-1

[Event "Superfest"]
[Site "Sainte-Adele CAN"]
[Date "2012.08.16"]
[Round "2"]
[White "Zhu, Hong Rui"]
[Black "Hebert, Jean"]
[Result "0-1"]
[WhiteElo "1998"]
[BlackElo "2440"]
[PlyCount "52"]
[GameId "2160767909445544"]
[EventDate "2012.08.15"]
[EventType "swiss"]
[EventRounds "5"]
[EventCountry "CAN"]
[SourceTitle "hb 2012"]

1. e4 e6 2. d4 d5 3. e5 c5 4. c3 Nc6 5. Nf3 Qb6 6. a3 Bd7 7. Be2 Nh6 8. b4 cxd4 9. cxd4 Nf5 10. Bb2 Be7 11. O-O h5 12. Qd3 g5 13. Rd1 g4 14. Ne1 Rc8 15. Nc2 Na5 16. Nd2 Ba4 17. Rdc1 Nc4 18. Nxc4 dxc4 19. Qc3 Bg5 20. Ne3 Nxe3 21. fxe3 Qc6 22. Rf1 Qe4 23. Bc1 Bc6 24. Bf3 gxf3 25. gxf3 Rg8 26. Kh1 Qxf3+ 0-1

[Event "Superfest"]
[Site "Sainte-Adele CAN"]
[Date "2012.08.17"]
[Round "3"]
[White "Carrier, Claude"]
[Black "Sambuev, Bator"]
[Result "0-1"]
[WhiteElo "2179"]
[BlackElo "2530"]
[PlyCount "38"]
[GameId "2160767909445545"]
[EventDate "2012.08.15"]
[EventType "swiss"]
[EventRounds "5"]
[EventCountry "CAN"]
[SourceTitle "hb 2012"]

1. e4 e6 2. d4 d5 3. Nc3 Bb4 4. e5 c5 5. a3 Ba5 6. b4 cxd4 7. Qg4 Ne7 8. bxa5 dxc3 9. Qxg7 Rg8 10. Qxh7 Nbc6 11. Nf3 Qc7 12. Bf4 Bd7 13. a6 O-O-O 14. axb7+ Kb8 15. Bd3 f5 16. exf6 Qxf4 17. fxe7 Rde8 18. Bf1 Ne5 19. Nxe5 Qd2# 0-1

[Event "Superfest"]
[Site "Sainte-Adele CAN"]
[Date "2012.08.17"]
[Round "3"]
[White "Chiku-Ratte, Olivier-Kenta"]
[Black "Lemieux, Serge"]
[Result "1-0"]
[WhiteElo "2174"]
[BlackElo "1597"]
[PlyCount "69"]
[GameId "2160767909445546"]
[EventDate "2012.08.15"]
[EventType "swiss"]
[EventRounds "5"]
[EventCountry "CAN"]
[SourceTitle "hb 2012"]

1. d4 Nf6 2. c4 g6 3. Nc3 d5 4. cxd5 Nxd5 5. e4 Nxc3 6. bxc3 c5 7. Nf3 Bg7 8. Rb1 O-O 9. Be2 cxd4 10. cxd4 Qa5+ 11. Bd2 Qxa2 12. O-O b6 13. Qc1 Qe6 14. Bc4 Qxe4 15. Bxf7+ Rxf7 16. Qxc8+ Rf8 17. Qc4+ e6 18. Rb5 Qc6 19. Qb3 Na6 20. Rc1 Qd7 21. h4 Nc7 22. Rg5 Kh8 23. h5 gxh5 24. Rxh5 Qf7 25. Rxh7+ Kg8 26. Qc2 Rac8 27. Bh6 Nd5 28. Qxc8 Rxc8 29. Rxg7+ Qxg7 30. Rxc8+ Kh7 31. Bxg7 Kxg7 32. Ne5 a5 33. Nd7 a4 34. Rb8 a3 35. Ra8 1-0

[Event "Superfest"]
[Site "Sainte-Adele CAN"]
[Date "2012.08.17"]
[Round "3"]
[White "Hebert, Jean"]
[Black "Kraiouchkine, Nikita"]
[Result "1-0"]
[WhiteElo "2440"]
[BlackElo "2287"]
[PlyCount "81"]
[GameId "2160767909445547"]
[EventDate "2012.08.15"]
[EventType "swiss"]
[EventRounds "5"]
[EventCountry "CAN"]
[SourceTitle "hb 2012"]

1. Nf3 d5 2. c4 c6 3. d4 Nf6 4. Qc2 dxc4 5. Qxc4 Bf5 6. g3 e6 7. Bg2 Nbd7 8. O-O Be7 9. Nc3 O-O 10. a4 Ne4 11. a5 c5 12. Be3 Nxc3 13. bxc3 Be4 14. Rfd1 Qc7 15. Bf4 Qc6 16. dxc5 Bd5 17. Nd4 Qxc5 18. Qxc5 Nxc5 19. Bxd5 exd5 20. Nf5 Bf6 21. Rxd5 Ne4 22. Be5 Bxe5 23. Rxe5 Nxc3 24. Ra3 Nd1 25. Rb3 b6 26. axb6 axb6 27. Rxb6 Rfb8 28. Rc6 g6 29. Nd6 Ra7 30. g4 Nb2 31. g5 Kf8 32. Ne4 Re7 33. Rxe7 Kxe7 34. Nf6 Rh8 35. Kg2 Kf8 36. h4 Kg7 37. Ng4 Re8 38. Rc7 Rxe2 39. Rc8 Nd3 40. Nh6 Rxf2+ 41. Kg3 1-0

[Event "Superfest"]
[Site "Sainte-Adele CAN"]
[Date "2012.08.17"]
[Round "3"]
[White "Plante, Michel"]
[Black "Forget, Luc"]
[Result "0-1"]
[WhiteElo "2016"]
[BlackElo "1983"]
[PlyCount "86"]
[GameId "2160767909445548"]
[EventDate "2012.08.15"]
[EventType "swiss"]
[EventRounds "5"]
[EventCountry "CAN"]
[SourceTitle "hb 2012"]

1. b3 d5 2. Bb2 c5 3. e3 a6 4. f4 Nc6 5. Nf3 Nf6 6. Be2 Bg4 7. h3 Bxf3 8. Bxf3 e6 9. O-O Qc7 10. d3 O-O-O 11. Nd2 Bd6 12. c4 Kb8 13. Qe2 Rhe8 14. Rac1 e5 15. cxd5 Nb4 16. Ne4 Nxe4 17. dxe4 Nxa2 18. Ra1 Nb4 19. f5 Rc8 20. f6 g6 21. Bg4 Rcd8 22. h4 h5 23. Bh3 Qb6 24. Bc3 Bc7 25. g3 Rd6 26. g4 hxg4 27. Bxg4 Rxf6 28. Rf3 Rxf3 29. Qxf3 f5 30. Bh3 Nc2 31. Ba5 Qxb3 32. Bxc7+ Kxc7 33. d6+ Kxd6 34. Rd1+ Nd4 35. Bg2 fxe4 36. Qf6+ Kc7 37. Re1 Nf3+ 38. Bxf3 exf3 39. Qxf3 Re7 40. Rc1 c4 41. Qe4 b5 42. Kh1 Qa3 43. Rc2 Qc5 0-1

[Event "Superfest"]
[Site "Sainte-Adele CAN"]
[Date "2012.08.17"]
[Round "3"]
[White "Wang, Jesse BJ"]
[Black "Caire, Francois"]
[Result "1/2-1/2"]
[WhiteElo "2096"]
[BlackElo "2270"]
[PlyCount "77"]
[GameId "2160767909445549"]
[EventDate "2012.08.15"]
[EventType "swiss"]
[EventRounds "5"]
[EventCountry "CAN"]
[SourceTitle "hb 2012"]

1. e4 c5 2. Nf3 Nc6 3. Nc3 Nf6 4. d4 cxd4 5. Nxd4 e5 6. Ndb5 d6 7. Bg5 a6 8. Na3 b5 9. Nd5 Be7 10. Bxf6 Bxf6 11. c4 b4 12. Nc2 O-O 13. g3 Bg5 14. h4 Bh6 15. Bh3 Be6 16. Qd3 Rb8 17. b3 Qd7 18. Bf5 Bxf5 19. exf5 e4 20. Qe2 f6 21. g4 a5 22. Kf1 Rbe8 23. Rd1 Re5 24. Rg1 g6 25. Rg2 gxf5 26. gxf5+ Kh8 27. Qh5 Bg7 28. Nce3 Ne7 29. Nf4 a4 30. Ke2 axb3 31. axb3 Qe8 32. Qxe8 Rxe8 33. Rxd6 Nxf5 34. Nxf5 Rxf5 35. Ne6 Bh6 36. Nc7 Rf8 37. Nd5 Rf3 38. Rg3 Bf4 39. Nxf4 1/2-1/2

[Event "Superfest"]
[Site "Sainte-Adele CAN"]
[Date "2012.08.17"]
[Round "3"]
[White "Zhu, Hong Rui"]
[Black "Sapozhnikov, Roman"]
[Result "0-1"]
[WhiteElo "1998"]
[BlackElo "2478"]
[PlyCount "60"]
[GameId "2160767909445550"]
[EventDate "2012.08.15"]
[EventType "swiss"]
[EventRounds "5"]
[EventCountry "CAN"]
[SourceTitle "hb 2012"]

1. e4 c5 2. Nf3 Nc6 3. d4 cxd4 4. Nxd4 Nf6 5. Nc3 d6 6. Be2 e5 7. Nb3 Be7 8. O-O O-O 9. f4 a5 10. Be3 a4 11. Nd2 Nd4 12. Bxd4 exd4 13. Nd5 Nxd5 14. exd5 Ra5 15. Bf3 f5 16. Re1 Bf6 17. Kh1 Rc5 18. a3 Qc7 19. Rc1 b6 20. Nf1 Bb7 21. Qd3 g6 22. Re6 Bc8 23. Re2 Bd7 24. Qd2 d3 25. Qxd3 Bxb2 26. Qd2 Bxc1 27. Qxc1 Re8 28. Rf2 Bb5 29. Ng3 Rxc2 30. Qg1 Rxf2 0-1

[Event "Superfest"]
[Site "Sainte-Adele CAN"]
[Date "2012.08.18"]
[Round "4"]
[White "Caire, Francois"]
[Black "Zhu, Hong Rui"]
[Result "1-0"]
[WhiteElo "2270"]
[BlackElo "1998"]
[PlyCount "97"]
[GameId "2160767909445551"]
[EventDate "2012.08.15"]
[EventType "swiss"]
[EventRounds "5"]
[EventCountry "CAN"]
[SourceTitle "hb 2012"]

1. d4 d5 2. Nf3 Nf6 3. c4 e6 4. Nc3 Be7 5. Qc2 Nbd7 6. Bg5 O-O 7. Rd1 a6 8. e3 Re8 9. a3 c6 10. Bd3 dxc4 11. Bxc4 b5 12. Ba2 Bb7 13. Bb1 h6 14. Bh4 Qb6 15. e4 Nf8 16. e5 Nd5 17. Bxe7 Rxe7 18. Ne4 Qa5+ 19. Nfd2 Nf4 20. g3 Nd5 21. O-O Rd8 22. Nb3 Qc7 23. Nbc5 a5 24. Qd2 Ba8 25. g4 Ng6 26. f4 Nb6 27. Qxa5 Nc4 28. Qc3 Rd5 29. Ba2 Re8 30. Bxc4 bxc4 31. Qxc4 Red8 32. Nc3 Qe7 33. Nxd5 cxd5 34. Qd3 Bc6 35. a4 Rb8 36. b3 Rb4 37. Qc3 Rb8 38. f5 exf5 39. gxf5 Qg5+ 40. Qg3 Nf8 41. e6 Qxg3+ 42. hxg3 fxe6 43. fxe6 Re8 44. b4 Nxe6 45. b5 Nxc5 46. dxc5 Bd7 47. c6 Bh3 48. Rfe1 Rf8 49. b6 1-0

[Event "Superfest"]
[Site "Sainte-Adele CAN"]
[Date "2012.08.18"]
[Round "4"]
[White "Forget, Luc"]
[Black "Sapozhnikov, Roman"]
[Result "0-1"]
[WhiteElo "1983"]
[BlackElo "2478"]
[PlyCount "94"]
[GameId "2160767909445552"]
[EventDate "2012.08.15"]
[EventType "swiss"]
[EventRounds "5"]
[EventCountry "CAN"]
[SourceTitle "hb 2012"]

1. d4 Nf6 2. c4 c5 3. d5 e6 4. Nc3 d6 5. Nf3 g6 6. h3 Bg7 7. e4 O-O 8. Be2 Re8 9. Qc2 Qe7 10. O-O exd5 11. exd5 Bf5 12. Bd3 Bxd3 13. Qxd3 a6 14. a4 Nbd7 15. Bf4 Nh5 16. Bd2 Qf6 17. Ne2 Qxb2 18. Nc3 Bxc3 19. Rab1 Ne5 20. Qxc3 Nxf3+ 21. gxf3 Qxc3 22. Bxc3 Re7 23. Rb6 Rd8 24. Rfb1 Rdd7 25. Rxa6 f6 26. Rab6 Kf7 27. Bd2 Ng7 28. Bf4 Nf5 29. Kf1 g5 30. Bh2 Kg6 31. Re1 Rxe1+ 32. Kxe1 Kf7 33. Kd2 Ke7 34. Kd3 h5 35. a5 Nh4 36. f4 Nf3 37. Bg3 h4 38. Ke3 Ng1 39. Bh2 gxf4+ 40. Bxf4 Nxh3 41. Kf3 f5 42. Be3 Kf6 43. Kg2 Ng5 44. f4 Ne4 45. Bf2 h3+ 46. Kf3 h2 47. Bh4+ Kg6 0-1

[Event "Superfest"]
[Site "Sainte-Adele CAN"]
[Date "2012.08.18"]
[Round "4"]
[White "Kraiouchkine, Nikita"]
[Black "Carrier, Claude"]
[Result "1-0"]
[WhiteElo "2287"]
[BlackElo "2179"]
[PlyCount "37"]
[GameId "2160767909445553"]
[EventDate "2012.08.15"]
[EventType "swiss"]
[EventRounds "5"]
[EventCountry "CAN"]
[SourceTitle "hb 2012"]

1. e4 c5 2. Nf3 e6 3. d4 cxd4 4. Nxd4 Nf6 5. Nc3 d6 6. Bc4 a6 7. O-O b5 8. Bb3 Nbd7 9. Bxe6 fxe6 10. Nxe6 Qb6 11. Be3 Qb8 12. f4 Nb6 13. Nxf8 Rxf8 14. e5 Ng4 15. Bd4 d5 16. h3 Nh6 17. Qh5+ Kd8 18. e6 Ra7 19. Nxd5 1-0